Central Library OPAC University of Rajshahi

Mathematical statistics / (Record no. 21553)

MARC details
000 -LEADER
fixed length control field 01010cam a2200301 a 4500
001 - CONTROL NUMBER
control field 21553
003 - CONTROL NUMBER IDENTIFIER
rucl marc code BD-RjUL
005 - DATE AND TIME OF LATEST TRANSACTION
control field 20211209000711.0
008 - FIXED-LENGTH DATA ELEMENTS--GENERAL INFORMATION
fixed length control field 140304s1963 nyua b 001 0 eng d
020 ## - INTERNATIONAL STANDARD BOOK NUMBER
International Standard Book Number 0471946443
035 ## - SYSTEM CONTROL NUMBER
System control number (BD-RjUL)21617
040 ## - CATALOGING SOURCE
Original cataloging agency DLC
Transcribing agency DLC
Modifying agency UKM
-- EQO
Language of cataloging eng
041 ## - LANGUAGE CODE
Language code of text/sound track or separate title eng
082 ## - DEWEY DECIMAL CLASSIFICATION NUMBER
Classification number 519.9
Author mark and year WIM
100 1# - MAIN ENTRY--PERSONAL NAME
Personal name Wilks, S. S.
Fuller form of name (Samuel Stanley),
Dates associated with a name 1906-1964.
9 (RLIN) 20751
245 10 - TITLE STATEMENT
Title Mathematical statistics /
Statement of responsibility, etc. Samuel S. Wilks.
260 ## - PUBLICATION, DISTRIBUTION, ETC. (IMPRINT)
Place of publication, distribution, etc. New York ;
-- London :
Name of publisher, distributor, etc. Wiley,
Date of publication, distribution, etc. 1963.
300 ## - PHYSICAL DESCRIPTION
Pagination xvi, 644 p. :
Illustrations ill. ;
Size 24 cm.
490 1# - SERIES STATEMENT
Series statement Wiley publication in mathematical statistics
Series statement Wiley publications in statistics
500 ## - GENERAL NOTE
General note "An early version of some of the material was issued in 1943."
504 ## - BIBLIOGRAPHY, ETC. NOTE
Bibliography, etc Includes bibliography and index.
650 #0 - SUBJECT ADDED ENTRY--TOPICAL TERM
Topical term or geographic name as entry element Mathematical statistics.
9 (RLIN) 66561
830 #0 - SERIES ADDED ENTRY--UNIFORM TITLE
Uniform title Wiley publication in mathematical statistics
Uniform title Wiley publications in statistics
942 ## - ADDED ENTRY ELEMENTS (KOHA)
Source of classification or shelving scheme Dewey Decimal Classification
Koha item type Books
Holdings
Lost status Source of classification or shelving scheme Damaged status Not for loan Collection code Permanent Location Current Location Shelving location Date acquired Source of acquisition Cost, normal purchase price Total Checkouts Full call number Date last seen Copy number Koha item type
  Dewey Decimal Classification     Non-fiction Central Library, University of Rajshahi Central Library, University of Rajshahi   20/12/1967 National book Agency 84.00   519.9 WIM 1963 04/03/2014 C-3 Books
  Dewey Decimal Classification     Non-fiction Central Library, University of Rajshahi Central Library, University of Rajshahi   04/12/1967 Book Viehio, Dhaka 80.00   519.9 WIM 1963 27/08/2016 C-2 Books
  Dewey Decimal Classification     Non-fiction Central Library, University of Rajshahi Central Library, University of Rajshahi   04/12/1967 Book Viehio, Dhaka 80.00   519.9 WIM 1963 27/08/2016 C-4 Books
  Dewey Decimal Classification     Non-fiction Central Library, University of Rajshahi Central Library, University of Rajshahi   30/03/1964 Zeitlinger 98.00   519.9 WIM 1962 03/11/2016 C-5 Books
  Dewey Decimal Classification   Not For Loan Non-fiction Central Library, University of Rajshahi Central Library, University of Rajshahi Reading Room 25/11/1975 Jonathan Wear & co. 8.10   519.9 WIM 1962 30/03/2017 C-1 Books